000 00353nam a22001577a 4500
003 OSt
005 20240311100022.0
008 171016b xxu||||| |||| 00| 0 eng d
020 _a978-0131869608
040 _cSEROSOFT
100 _aSCHIFF MAN
245 _aCONSUMER BEHAVIOR
260 _aDELHI
_bTHM
_c13/08/2010
300 _a831
942 _2ddc
_c01
999 _c40748
_d40748